Central Library OPAC University of Rajshahi

বাংলা সাহিত্য মুসলিম কবি ও কাব্য / (Record no. 41880)

MARC details
000 -LEADER
fixed length control field 00966nam a2200241 a 4500
001 - CONTROL NUMBER
control field 41880
003 - CONTROL NUMBER IDENTIFIER
rucl marc code BD-RjUL
005 - DATE AND TIME OF LATEST TRANSACTION
control field 20211209053450.0
008 - FIXED-LENGTH DATA ELEMENTS--GENERAL INFORMATION
fixed length control field 160607s1959 bg ||||| |||| 00| 0 ben d
020 ## - INTERNATIONAL STANDARD BOOK NUMBER
Terms of availability TK. 5.00
035 ## - SYSTEM CONTROL NUMBER
System control number (BD-RjUL)41998
040 ## - CATALOGING SOURCE
Original cataloging agency BD-RjUL
Language of cataloging ben
Transcribing agency BD-RjUL
Modifying agency BD-RjUL
041 ## - LANGUAGE CODE
Language code of text/sound track or separate title ben
082 ## - DEWEY DECIMAL CLASSIFICATION NUMBER
Edition number 23
Classification number 891.44109
Author mark and year ISB 1959
100 10 - MAIN ENTRY--PERSONAL NAME
Personal name ইসলাম,আমিনুল এ. কে. এম
9 (RLIN) 128692
245 10 - TITLE STATEMENT
Title বাংলা সাহিত্য মুসলিম কবি ও কাব্য /
Statement of responsibility, etc. এ. কে. এম.আমিনুল ইসলাম
260 ## - PUBLICATION, DISTRIBUTION, ETC. (IMPRINT)
Place of publication, distribution, etc. ঢাকা :
Name of publisher, distributor, etc. বুক ষ্টল ;
Date of publication, distribution, etc. ১৯৫৯
300 ## - PHYSICAL DESCRIPTION
Pagination [৮], ২০০পৃ. ;
Size ২২সেমি.
500 ## - GENERAL NOTE
General note নির্ঘণ্ট সংযুক্ত
650 ## - SUBJECT ADDED ENTRY--TOPICAL TERM
Topical term or geographic name as entry element বাংলা কবিতা
General subdivision ইতিহাস ও সমালোচনা
9 (RLIN) 128693
Topical term or geographic name as entry element Bengali Poetry
9 (RLIN) 128694
General subdivision History and Criticism
942 ## - ADDED ENTRY ELEMENTS (KOHA)
Source of classification or shelving scheme Dewey Decimal Classification
Koha item type Books
Holdings
Lost status Source of classification or shelving scheme Damaged status Not for loan Collection code Permanent Location Current Location Shelving location Date acquired Source of acquisition Cost, normal purchase price Total Checkouts Full call number Date last seen Copy number Koha item type
  Dewey Decimal Classification     Non-fiction Central Library, University of Rajshahi Central Library, University of Rajshahi   20/01/1965 Ideal 5.00   B 891.44109 ISB 1959 07/06/2016 C-2 Books